000 00408nam a22001817a 4500
003 OSt
005 20220127141902.0
008 220127b |||||||| |||| 00| 0 eng d
020 _a100137050518
040 _cHU
082 _a621.3192
100 _aRiedel Nilsson
_928889
245 _aElectric Circuit
250 _a9th ed
260 _aNew York
_bNew York
300 _f816
942 _2ddc
_cBOOKS
_n0
999 _c28172
_d28172